| 000 | 00374pam a2200157a 44500 | ||
|---|---|---|---|
| 008 | 230405s2006 xxu||||| |||| 00| 0 eng d | ||
| 041 | _aENG | ||
| 100 | _aANTHONY ROBERT N. | ||
| 245 | _aMANAGEMENT CONTROL SYSTEM | ||
| 250 | _a2006 | ||
| 260 |
_aNULL _bTATA MCGRAWHILL _c2006 |
||
| 300 | _a350 | ||
| 650 | _aMANAGEMENT CONTROL SYSTEM | ||
| 690 | _aMBA | ||
| 906 | _a3881 | ||
| 999 |
_c284692 _d284692 |
||